[Event "DVM U14 2020"]
[Site "Willingen GER"]
[Date "2021.06.24"]
[Round "2"]
[White "Bungarten, Jona"]
[Black "Eilenberg, Jonas"]
[Result "1/2-1/2"]
[Termination "normal"]
[Board "1.1"]
[WhiteElo "1843"]
[BlackElo "2126"]
[WhiteClock "00:46:42"]
[BlackClock "00:18:21"]
[WhiteTeam "Schachfreunde Brackel 1930 e. V."]
[BlackTeam "SV Königsjäger Süd-West e.V."]
[PlyCount "42"]
[WhiteFideId "16223608"]
[BlackFideId "16204271"]
[EventCountry "GER"]
[EventRounds "7"]
[EventType "team-swiss"]
[EventDate "2021.06.23"]

1. e4 {[%clk 1:30:59]} 1... e6 {[%clk 1:30:53]} 2. d4 {[%clk 1:31:20]} 2... d5
{[%clk 1:31:18]} 3. Nd2 {[%clk 1:31:42]} 3... a6 {[%clk 1:31:41]} 4. e5 { [%clk
1:31:33]} 4... c5 {[%clk 1:30:54]} 5. c3 {[%clk 1:31:55]} 5... Nc6 { [%clk
1:29:43]} 6. Ndf3 {[%clk 1:31:25]} 6... Qb6 {[%clk 1:15:09]} 7. Bd3 { [%clk
1:23:54]} 7... f6 {[%clk 1:01:45]} 8. exf6 {[%clk 1:18:35]} 8... Nxf6 { [%clk
1:02:09]} 9. Ne2 {[%clk 1:18:17]} 9... c4 {[%clk 0:57:09]} 10. Bc2 { [%clk
1:18:01]} 10... Bd6 {[%clk 0:52:28]} 11. O-O {[%clk 1:17:46]} 11... Qc7 { [%clk
0:51:27]} 12. g3 {[%clk 1:11:55]} 12... O-O {[%clk 0:43:56]} 13. Nf4 { [%clk
1:09:33]} 13... Bd7 {[%clk 0:30:03]} 14. Re1 {[%clk 1:07:59]} 14... Rae8 {[%clk
0:29:47]} 15. Ng5 {[%clk 1:06:11]} 15... Nd8 {[%clk 0:28:18]} 16. Bb1 { [%clk
0:59:09]} 16... Bc8 {[%clk 0:25:32]} 17. Qc2 {[%clk 0:58:02]} 17... g6 { [%clk
0:25:43]} 18. h4 {[%clk 0:56:03]} 18... e5 {[%clk 0:24:32]} 19. dxe5 { [%clk
0:49:46]} 19... Rxe5 {[%clk 0:24:36]} 20. Rxe5 {[%clk 0:49:52]} 20... Bxe5
{[%clk 0:25:02]} 21. Be3 {[%clk 0:46:42]} 21... Re8 {[%clk 0:18:21]} 1/2-1/2

[Event "DVM U14 2020"]
[Site "Willingen GER"]
[Date "2021.06.24"]
[Round "2"]
[White "Rose, Daniel"]
[Black "Tomasjan, Samuel"]
[Result "1-0"]
[Termination "normal"]
[Board "1.2"]
[WhiteElo "1816"]
[BlackElo "1775"]
[WhiteClock "00:58:20"]
[BlackClock "00:41:02"]
[WhiteTeam "SV Königsjäger Süd-West e.V."]
[BlackTeam "Schachfreunde Brackel 1930 e. V."]
[PlyCount "51"]
[WhiteFideId "16242963"]
[BlackFideId "16235584"]
[EventCountry "GER"]
[EventRounds "7"]
[EventType "team-swiss"]
[EventDate "2021.06.23"]

1. d4 {[%clk 1:30:57]} 1... e6 {[%clk 1:30:54]} 2. c4 {[%clk 1:31:15]} 2... d5
{[%clk 1:31:19]} 3. Nc3 {[%clk 1:31:39]} 3... Nf6 {[%clk 1:31:42]} 4. cxd5 {
[%clk 1:31:56]} 4... exd5 {[%clk 1:32:06]} 5. Bg5 {[%clk 1:32:05]} 5... Be6 {
[%clk 1:31:32]} 6. e3 {[%clk 1:32:23]} 6... Be7 {[%clk 1:30:30]} 7. Bd3 { [%clk
1:32:11]} 7... Nbd7 {[%clk 1:29:47]} 8. Nge2 {[%clk 1:30:37]} 8... c6 { [%clk
1:28:21]} 9. O-O {[%clk 1:29:04]} 9... Qc7 {[%clk 1:23:25]} 10. Rc1 { [%clk
1:24:55]} 10... a6 {[%clk 1:22:17]} 11. f3 {[%clk 1:15:03]} 11... Bd6 { [%clk
1:19:21]} 12. h3 {[%clk 1:14:47]} 12... Nh5 {[%clk 1:10:36]} 13. e4 { [%clk
1:08:36]} 13... Bh2+ {[%clk 1:09:04]} 14. Kh1 {[%clk 1:09:02]} 14... Ng3+
{[%clk 1:01:38]} 15. Nxg3 {[%clk 1:09:00]} 15... Qxg3 {[%clk 1:01:47]} 16. Qd2
{[%clk 1:07:04]} 16... h6 {[%clk 0:57:37]} 17. Be3 {[%clk 1:06:20]} 17... Qb8 {
[%clk 0:52:15]} 18. f4 {[%clk 1:05:56]} 18... dxe4 {[%clk 0:52:24]} 19. Nxe4 {
[%clk 1:06:25]} 19... f5 {[%clk 0:52:33]} 20. Kxh2 {[%clk 1:04:13]} 20... fxe4
{[%clk 0:52:30]} 21. Bxe4 {[%clk 1:04:30]} 21... Bxa2 {[%clk 0:52:22]} 22. d5 {
[%clk 1:01:33]} 22... Bxd5 {[%clk 0:43:46]} 23. Bxd5 {[%clk 1:01:31]} 23...
cxd5 {[%clk 0:43:58]} 24. Qxd5 {[%clk 1:01:52]} 24... Qd8 {[%clk 0:42:22]} 25.
Rfe1 {[%clk 0:58:20]} 25... Kf8 {[%clk 0:41:02]} 26. Rcd1 {[%clk 0:58:20]} 1-0

[Event "DVM U14 2020"]
[Site "Willingen GER"]
[Date "2021.06.24"]
[Round "2"]
[White "Römer, Alois"]
[Black "Korek, Jakob Alexander"]
[Result "1-0"]
[Termination "normal"]
[Board "1.3"]
[WhiteElo "1498"]
[BlackElo "1663"]
[WhiteClock "00:37:14"]
[BlackClock "00:18:28"]
[WhiteTeam "Schachfreunde Brackel 1930 e. V."]
[BlackTeam "SV Königsjäger Süd-West e.V."]
[PlyCount "79"]
[WhiteFideId "16255607"]
[BlackFideId "16240022"]
[EventCountry "GER"]
[EventRounds "7"]
[EventType "team-swiss"]
[EventDate "2021.06.23"]

1. e4 {[%clk 1:30:56]} 1... e5 {[%clk 1:30:51]} 2. f4 {[%clk 1:31:21]} 2... d6
{[%clk 1:29:52]} 3. Nf3 {[%clk 1:31:43]} 3... Nc6 {[%clk 1:26:06]} 4. Nc3 {
[%clk 1:31:48]} 4... Be7 {[%clk 1:24:20]} 5. Bb5 {[%clk 1:31:27]} 5... Bg4 {
[%clk 1:21:00]} 6. O-O {[%clk 1:31:28]} 6... Qd7 {[%clk 1:18:46]} 7. Qe1 {
[%clk 1:25:22]} 7... Bxf3 {[%clk 1:17:22]} 8. Rxf3 {[%clk 1:24:47]} 8... a6 {
[%clk 1:16:26]} 9. Bxc6 {[%clk 1:24:50]} 9... Qxc6 {[%clk 1:16:04]} 10. Nd5 {
[%clk 1:24:08]} 10... Nf6 {[%clk 1:15:42]} 11. Rc3 {[%clk 1:23:45]} 11... Qa4 {
[%clk 1:13:13]} 12. Nxc7+ {[%clk 1:22:09]} 12... Kd7 {[%clk 1:13:27]} 13. Nxa8
{[%clk 1:21:07]} 13... Rxa8 {[%clk 1:13:30]} 14. d3 {[%clk 1:18:38]} 14... Ng4
{[%clk 1:06:37]} 15. Rc4 {[%clk 1:15:10]} 15... Qb5 16. h3 {[%clk 1:10:56]}
16... Nf6 {[%clk 1:02:38]} 17. Qb4 {[%clk 1:09:01]} 17... d5 {[%clk 0:57:28]}
18. Qxb5+ {[%clk 1:08:20]} 18... axb5 {[%clk 0:57:49]} 19. Rc3 {[%clk 1:07:49]}
19... b4 {[%clk 0:57:17]} 20. Rb3 {[%clk 1:07:41]} 20... Bc5+ {[%clk 0:54:10]}
21. Kf1 {[%clk 1:06:54]} 21... exf4 {[%clk 0:47:38]} 22. Bxf4 {[%clk 1:05:44]}
22... dxe4 {[%clk 0:46:57]} 23. dxe4 {[%clk 1:04:56]} 23... Nxe4 { [%clk
0:46:39]} 24. Rd3+ {[%clk 1:03:30]} 24... Kc6 {[%clk 0:46:32]} 25. Be3 { [%clk
1:02:44]} 25... Bd6 {[%clk 0:45:38]} 26. Bd4 {[%clk 1:00:28]} 26... g5 { [%clk
0:41:50]} 27. Kg1 {[%clk 0:57:21]} 27... g4 {[%clk 0:38:00]} 28. hxg4 { [%clk
0:55:57]} 28... Rg8 {[%clk 0:37:31]} 29. Rf1 {[%clk 0:53:37]} 29... Rxg4 {[%clk
0:36:00]} 30. Rxf7 {[%clk 0:52:16]} 30... Rh4 {[%clk 0:32:42]} 31. Bf2 { [%clk
0:50:21]} 31... Rh5 {[%clk 0:29:20]} 32. Rd4 {[%clk 0:48:41]} 32... Nxf2 {[%clk
0:28:12]} 33. Rf6 {[%clk 0:46:38]} 33... Ne4 {[%clk 0:20:31]} 34. Rxe4 { [%clk
0:46:39]} 34... Kd5 {[%clk 0:20:59]} 35. Re1 {[%clk 0:43:52]} 35... Be5 { [%clk
0:19:26]} 36. Rf7 {[%clk 0:42:24]} 36... Bh2+ {[%clk 0:18:35]} 37. Kf2 { [%clk
0:38:47]} 37... Rg5 {[%clk 0:18:45]} 38. Rf3 {[%clk 0:37:48]} 38... h5 { [%clk
0:18:46]} 39. g3 {[%clk 0:37:30]} 39... h4 {[%clk 0:18:28]} 40. gxh4 { [%clk
0:37:14]} 1-0

[Event "DVM U14 2020"]
[Site "Willingen GER"]
[Date "2021.06.24"]
[Round "2"]
[White "Abed, Karim"]
[Black "Zabudkin, David"]
[Result "1-0"]
[Termination "normal"]
[Board "1.4"]
[WhiteElo "1626"]
[BlackElo "1059"]
[WhiteClock "00:42:16"]
[BlackClock "00:35:12"]
[WhiteTeam "SV Königsjäger Süd-West e.V."]
[BlackTeam "Schachfreunde Brackel 1930 e. V."]
[PlyCount "116"]
[WhiteFideId "16242785"]
[BlackFideId "34605975"]
[EventCountry "GER"]
[EventRounds "7"]
[EventType "team-swiss"]
[EventDate "2021.06.23"]

1. d4 {[%clk 1:30:27]} 1... d5 {[%clk 1:30:48]} 2. Nf3 {[%clk 1:30:38]} 2...
Nf6 {[%clk 1:31:03]} 3. g3 {[%clk 1:30:28]} 3... Bf5 {[%clk 1:31:12]} 4. Bg2 {
[%clk 1:29:13]} 4... e6 {[%clk 1:31:09]} 5. O-O {[%clk 1:29:04]} 5... c5 {
[%clk 1:31:26]} 6. c4 {[%clk 1:28:58]} 6... Nbd7 {[%clk 1:29:49]} 7. Nc3 {
[%clk 1:24:27]} 7... dxc4 {[%clk 1:28:16]} 8. Qa4 {[%clk 1:20:37]} 8... a6 {
[%clk 1:26:46]} 9. dxc5 {[%clk 1:14:19]} 9... Bxc5 {[%clk 1:24:08]} 10. Nh4 {
[%clk 1:14:07]} 10... Ra7 {[%clk 1:21:31]} 11. Nxf5 {[%clk 1:14:16]} 11... exf5
{[%clk 1:21:32]} 12. Qxc4 {[%clk 1:14:02]} 12... O-O {[%clk 1:21:22]} 13. Rd1 {
[%clk 1:12:40]} 13... Ng4 {[%clk 1:18:31]} 14. e3 {[%clk 1:11:33]} 14... b5 {
[%clk 1:11:55]} 15. Qf4 {[%clk 1:07:23]} 15... Qf6 {[%clk 1:09:46]} 16. Nd5 {
[%clk 1:05:31]} 16... Qe5 {[%clk 1:07:20]} 17. Qxe5 {[%clk 0:59:50]} 17...
Ngxe5 {[%clk 1:07:11]} 18. b3 {[%clk 1:00:02]} 18... Nb6 {[%clk 1:07:01]} 19.
Bb2 {[%clk 0:59:31]} 19... Ng6 {[%clk 1:05:43]} 20. Rac1 {[%clk 0:59:20]} 20...
Nxd5 {[%clk 1:02:36]} 21. Rxd5 {[%clk 0:59:43]} 21... Bb6 {[%clk 1:01:06]} 22.
Rxf5 {[%clk 0:58:45]} 22... Rd7 {[%clk 0:59:10]} 23. Bd5 {[%clk 0:49:06]} 23...
h6 {[%clk 0:53:26]} 24. Rc6 {[%clk 0:44:08]} 24... Ne7 {[%clk 0:48:56]} 25.
Rxf7 {[%clk 0:44:31]} 25... Rxf7 {[%clk 0:44:25]} 26. Bxf7+ {[%clk 0:44:53]}
26... Kxf7 {[%clk 0:44:39]} 27. Rxb6 {[%clk 0:45:12]} 27... Rd2 {[%clk 0:44:26]
} 28. Bc3 {[%clk 0:41:13]} 28... Rxa2 {[%clk 0:43:08]} 29. Rb7 {[%clk 0:40:02]}
29... Ke6 {[%clk 0:38:39]} 30. Bxg7 {[%clk 0:39:09]} 30... Nf5 {[%clk 0:38:14]}
31. Bxh6 {[%clk 0:38:40]} 31... Nxh6 32. Rb6+ 32... Kd5 {[%clk 0:34:37]} 33.
Rxh6 {[%clk 0:38:58]} 33... Kc5 {[%clk 0:34:20]} 34. g4 {[%clk 0:36:57]} 34...
a5 {[%clk 0:33:40]} 35. g5 {[%clk 0:35:53]} 35... Rd2 {[%clk 0:33:28]} 36. g6 {
[%clk 0:35:38]} 36... Rd7 {[%clk 0:33:31]} 37. Rh4 {[%clk 0:35:14]} 37... b4 {
[%clk 0:32:01]} 38. Rh5+ {[%clk 0:35:05]} 38... Kb6 {[%clk 0:31:44]} 39. h4 {
[%clk 0:35:20]} 39... a4 {[%clk 0:32:05]} 40. bxa4 {[%clk 0:35:44]} 40... Rg7 {
[%clk 0:30:13]} 41. Rb5+ {[%clk 0:36:07]} 41... Kc6 {[%clk 0:29:20]} 42. h5 {
[%clk 0:36:22]} 42... Kd6 {[%clk 0:29:05]} 43. Rxb4 {[%clk 0:36:34]} 43... Ke6
{[%clk 0:29:07]} 44. Rb5 {[%clk 0:36:45]} 44... Kd6 {[%clk 0:29:32]} 45. Kh2 {
[%clk 0:37:07]} 45... Ke6 {[%clk 0:29:57]} 46. h6 {[%clk 0:37:25]} 46... Rxg6 {
[%clk 0:30:23]} 47. Rb6+ {[%clk 0:37:52]} 47... Kf5 {[%clk 0:30:50]} 48. Rxg6 {
[%clk 0:38:16]} 48... Kxg6 {[%clk 0:31:17]} 49. a5 {[%clk 0:38:42]} 49... Kxh6
{[%clk 0:31:43]} 50. a6 {[%clk 0:39:07]} 50... Kg6 {[%clk 0:32:11]} 51. a7 {
[%clk 0:39:32]} 51... Kf6 {[%clk 0:32:39]} 52. a8=Q {[%clk 0:39:53]} 52... Ke5
{[%clk 0:33:06]} 53. f3 {[%clk 0:40:11]} 53... Ke6 {[%clk 0:33:34]} 54. Qa5 {
[%clk 0:40:33]} 54... Kf6 {[%clk 0:33:58]} 55. Qd5 {[%clk 0:40:56]} 55... Ke7 {
[%clk 0:34:19]} 56. Qc6 {[%clk 0:41:24]} 56... Kf7 {[%clk 0:34:46]} 57. Qd6 {
[%clk 0:41:52]} 57... Kg7 {[%clk 0:35:12]} 58. Qe6 {[%clk 0:42:16]} 58... Kf8
1-0

[Event "DVM U14 2020"]
[Site "Willingen GER"]
[Date "2021.06.24"]
[Round "2"]
[White "Ermitsch, Magnus"]
[Black "Nitsche, Nikolai"]
[Result "1-0"]
[Termination "normal"]
[Board "2.1"]
[WhiteElo "2115"]
[BlackElo "1831"]
[WhiteTeam "SC Borussia Lichtenberg"]
[BlackTeam "SV Empor Berlin e.V."]
[PlyCount "81"]
[WhiteFideId "16234464"]
[BlackFideId "16221036"]
[EventCountry "GER"]
[EventRounds "7"]
[EventType "team-swiss"]
[EventDate "2021.06.23"]

1. e4 b6 2. d4 e6 3. Nc3 Bb7 4. Nf3 Nf6 5. Bd3 d5 6. e5 Ne4 7. Ne2 c5 8. c3
cxd4 9. Nexd4 a6 10. O-O Nc5 11. Bc2 Nc6 12. Nxc6 Bxc6 13. Nd4 Bb7 14. b4 Ne4
15. Ne2 Rc8 16. Bb2 f6 17. f3 Ng5 18. f4 Ne4 19. Nd4 Qd7 20. f5 fxe5 21. Nxe6
Nxc3 22. Ng5 Qe7 23. Qh5+ Kd7 24. f6 gxf6 25. Bf5+ Kc7 26. Bxc3 fxg5 27. Rac1
Kb8 28. Bxc8 Bxc8 29. Rce1 Bg7 30. Rf7 Qe8 31. Qf3 Rf8 32. Bxe5+ Qxe5 33. Rxe5
Rxf7 34. Qxf7 Bxe5 35. Qxd5 Bf4 36. g3 Be3+ 37. Kf1 Bc1 38. Qd6+ Kb7 39. Qe7+
Kb8 40. Qe5+ Kb7 41. Qe1 1-0

[Event "DVM U14 2020"]
[Site "Willingen GER"]
[Date "2021.06.24"]
[Round "2"]
[White "Freude, Max"]
[Black "Klühs, Gustaf"]
[Result "1/2-1/2"]
[Termination "normal"]
[Board "2.2"]
[WhiteElo "1806"]
[BlackElo "1823"]
[WhiteClock "00:05:08"]
[BlackClock "01:17:40"]
[WhiteTeam "SV Empor Berlin e.V."]
[BlackTeam "SC Borussia Lichtenberg"]
[PlyCount "78"]
[WhiteFideId "16236157"]
[BlackFideId "16228936"]
[EventCountry "GER"]
[EventRounds "7"]
[EventType "team-swiss"]
[EventDate "2021.06.23"]

1. b3 {[%clk 1:30:51]} 1... Nf6 {[%clk 1:30:56]} 2. Bb2 {[%clk 1:31:15]} 2...
g6 {[%clk 1:31:23]} 3. e3 {[%clk 1:30:52]} 3... Bg7 {[%clk 1:31:49]} 4. d4 {
[%clk 1:31:09]} 4... O-O {[%clk 1:32:14]} 5. Nf3 {[%clk 1:31:20]} 5... d6 {
[%clk 1:32:36]} 6. c4 {[%clk 1:31:06]} 6... b6 {[%clk 1:32:10]} 7. Be2 { [%clk
1:30:01]} 7... Bb7 {[%clk 1:32:35]} 8. O-O {[%clk 1:30:13]} 8... Ne4 { [%clk
1:32:51]} 9. Qc2 {[%clk 1:27:48]} 9... e6 {[%clk 1:32:51]} 10. Nc3 { [%clk
1:23:19]} 10... f5 {[%clk 1:33:03]} 11. Rad1 {[%clk 1:13:00]} 11... Nd7 { [%clk
1:31:20]} 12. d5 {[%clk 0:53:18]} 12... Nxc3 {[%clk 1:31:00]} 13. Bxc3 { [%clk
0:53:42]} 13... Bxc3 {[%clk 1:31:17]} 14. Qxc3 {[%clk 0:54:08]} 14... e5 {[%clk
1:31:42]} 15. Nd2 {[%clk 0:48:04]} 15... Qf6 {[%clk 1:26:36]} 16. e4 { [%clk
0:39:54]} 16... Nc5 {[%clk 1:23:49]} 17. b4 {[%clk 0:30:36]} 17... Nxe4 { [%clk
1:24:13]} 18. Nxe4 {[%clk 0:31:01]} 18... fxe4 {[%clk 1:24:38]} 19. Bg4 { [%clk
0:30:13]} 19... Bc8 {[%clk 1:24:59]} 20. Bxc8 {[%clk 0:30:26]} 20... Raxc8
{[%clk 1:25:24]} 21. Rde1 {[%clk 0:25:19]} 21... c6 {[%clk 1:22:12]} 22. Qd2
{[%clk 0:21:07]} 22... Qf4 {[%clk 1:22:12]} 23. Re3 {[%clk 0:21:00]} 23... c5
{[%clk 1:22:23]} 24. b5 {[%clk 0:18:12]} 24... a5 {[%clk 1:21:55]} 25. Qc2 {
[%clk 0:17:07]} 25... Rf7 {[%clk 1:20:35]} 26. Rxe4 {[%clk 0:14:06]} 26... Qg5
{[%clk 1:20:23]} 27. f3 {[%clk 0:13:19]} 27... Rcf8 {[%clk 1:20:47]} 28. Kh1 {
[%clk 0:11:17]} 28... Rf4 {[%clk 1:20:16]} 29. Rfe1 {[%clk 0:11:22]} 29... Qf5
{[%clk 1:20:21]} 30. Qe2 {[%clk 0:11:00]} 30... Kg7 {[%clk 1:19:58]} 31. Kg1 {
[%clk 0:09:53]} 31... Qg5 {[%clk 1:19:38]} 32. Qd2 {[%clk 0:05:57]} 32... h6 {
[%clk 1:19:13]} 33. Rxf4 {[%clk 0:05:26]} 33... Qxf4 {[%clk 1:18:13]} 34. Qxf4
{[%clk 0:05:23]} 34... Rxf4 {[%clk 1:18:25]} 35. Re4 {[%clk 0:05:37]} 35... Kf6
{[%clk 1:18:41]} 36. Kf2 {[%clk 0:05:39]} 36... Kf5 {[%clk 1:18:21]} 37. Rxf4+
{[%clk 0:04:37]} 37... Kxf4 {[%clk 1:18:39]} 38. g3+ {[%clk 0:04:53]} 38... Kf5
{[%clk 1:19:05]} 39. Ke3 {[%clk 0:05:08]} 39... g5 {[%clk 1:17:40]} 1/2-1/2

[Event "DVM U14 2020"]
[Site "Willingen GER"]
[Date "2021.06.24"]
[Round "2"]
[White "Zobel, Christian"]
[Black "Ellert, Stefan"]
[Result "1-0"]
[Termination "normal"]
[Board "2.3"]
[WhiteElo "1587"]
[BlackElo "1657"]
[WhiteClock "00:22:01"]
[BlackClock "00:01:08"]
[WhiteTeam "SC Borussia Lichtenberg"]
[BlackTeam "SV Empor Berlin e.V."]
[PlyCount "63"]
[WhiteFideId "16259068"]
[BlackFideId "16235029"]
[EventCountry "GER"]
[EventRounds "7"]
[EventType "team-swiss"]
[EventDate "2021.06.23"]

1. e4 {[%clk 1:30:52]} 1... g6 {[%clk 1:30:39]} 2. d4 {[%clk 1:29:19]} 2... Bg7
{[%clk 1:30:51]} 3. c4 {[%clk 1:28:02]} 3... d6 {[%clk 1:31:10]} 4. Nc3 { [%clk
1:27:09]} 4... Nd7 {[%clk 1:30:01]} 5. Be2 {[%clk 1:23:15]} 5... c5 { [%clk
1:24:33]} 6. d5 {[%clk 1:20:43]} 6... Ngf6 {[%clk 1:23:23]} 7. f4 { [%clk
1:19:12]} 7... a6 {[%clk 1:15:34]} 8. Nf3 {[%clk 1:14:47]} 8... Qc7 { [%clk
1:13:57]} 9. O-O {[%clk 1:12:41]} 9... Bh6 {[%clk 1:02:07]} 10. Re1 { [%clk
1:03:56]} 10... O-O {[%clk 0:45:39]} 11. Bf1 {[%clk 0:56:19]} 11... Bg7 { [%clk
0:37:23]} 12. e5 {[%clk 0:44:08]} 12... dxe5 {[%clk 0:24:45]} 13. fxe5 { [%clk
0:44:19]} 13... Ng4 {[%clk 0:24:27]} 14. d6 {[%clk 0:40:15]} 14... Qb8 { [%clk
0:22:04]} 15. Nd5 {[%clk 0:36:19]} 15... Ndxe5 {[%clk 0:18:35]} 16. Nxe7+
{[%clk 0:34:01]} 16... Kh8 {[%clk 0:18:35]} 17. Bf4 {[%clk 0:31:40]} 17...
Nxf3+ {[%clk 0:11:38]} 18. gxf3 {[%clk 0:31:58]} 18... Bd4+ {[%clk 0:11:49]}
19. Kg2 {[%clk 0:32:19]} 19... Nf2 {[%clk 0:12:10]} 20. Qd2 {[%clk 0:30:37]}
20... Bh3+ {[%clk 0:11:24]} 21. Kg3 {[%clk 0:30:58]} 21... g5 {[%clk 0:10:30]}
22. Be5+ {[%clk 0:30:21]} 22... f6 {[%clk 0:04:35]} 23. Bxd4 23... Qxd6+ {
[%clk 0:04:51]} 24. Kxf2 {[%clk 0:28:18]} 24... Qxh2+ {[%clk 0:04:33]} 25. Ke3
{[%clk 0:28:27]} 25... cxd4+ {[%clk 0:04:32]} 26. Kd3 {[%clk 0:28:40]} 26...
Bxf1+ {[%clk 0:03:51]} 27. Rxf1 {[%clk 0:28:57]} 27... Qe5 {[%clk 0:03:45]} 28.
Rae1 {[%clk 0:27:28]} 28... Qc5 {[%clk 0:03:58]} 29. Nd5 29... b5 { [%clk
0:03:58]} 30. Qb4 {[%clk 0:24:50]} 30... Qc6 {[%clk 0:01:44]} 31. Re7 { [%clk
0:22:36]} 31... Rad8 {[%clk 0:01:08]} 32. Rh1 {[%clk 0:22:01]} 1-0

[Event "DVM U14 2020"]
[Site "Willingen GER"]
[Date "2021.06.24"]
[Round "2"]
[White "Jiang, Luke"]
[Black "Ruddat, Jarne"]
[Result "0-1"]
[Termination "normal"]
[Board "2.4"]
[WhiteElo "1358"]
[BlackElo "1385"]
[WhiteClock "00:19:16"]
[BlackClock "01:18:12"]
[WhiteTeam "SV Empor Berlin e.V."]
[BlackTeam "SC Borussia Lichtenberg"]
[PlyCount "104"]
[WhiteFideId "16292065"]
[BlackFideId "16254236"]
[EventCountry "GER"]
[EventRounds "7"]
[EventType "team-swiss"]
[EventDate "2021.06.23"]

1. e4 1... e5 {[%clk 1:30:55]} 2. Nf3 2... Nc6 {[%clk 1:31:21]} 3. Bc4 { [%clk
1:31:37]} 3... Bc5 {[%clk 1:31:45]} 4. c3 {[%clk 1:32:00]} 4... d6 { [%clk
1:32:05]} 5. d3 {[%clk 1:32:23]} 5... Nf6 {[%clk 1:30:50]} 6. Nbd2 { [%clk
1:32:27]} 6... Bg4 {[%clk 1:30:13]} 7. h3 {[%clk 1:32:27]} 7... Bh5 { [%clk
1:30:40]} 8. O-O {[%clk 1:32:32]} 8... a6 {[%clk 1:30:54]} 9. b4 { [%clk
1:32:37]} 9... Bb6 {[%clk 1:31:14]} 10. Bb3 {[%clk 1:32:01]} 10... h6 { [%clk
1:31:25]} 11. Nc4 {[%clk 1:31:11]} 11... Ba7 {[%clk 1:31:28]} 12. Be3 { [%clk
1:31:00]} 12... Qd7 {[%clk 1:30:04]} 13. a4 {[%clk 1:25:26]} 13... b6 { [%clk
1:27:12]} 14. Ncd2 {[%clk 1:21:12]} 14... g5 {[%clk 1:25:52]} 15. Qe1 { [%clk
1:12:06]} 15... g4 {[%clk 1:25:24]} 16. hxg4 {[%clk 1:11:35]} 16... Qxg4 {[%clk
1:24:11]} 17. Nh2 {[%clk 1:04:38]} 17... Qg6 {[%clk 1:23:35]} 18. f3 { [%clk
1:02:45]} 18... Rg8 19. Rf2 {[%clk 1:01:13]} 19... Nd8 {[%clk 1:22:49]} 20. b5
{[%clk 0:52:41]} 20... Ne6 {[%clk 1:22:23]} 21. Ndf1 {[%clk 0:51:20]} 21... Nh7
{[%clk 1:20:45]} 22. g4 {[%clk 0:48:20]} 22... Nhg5 {[%clk 1:20:16]} 23. Bxe6
{[%clk 0:45:14]} 23... fxe6 {[%clk 1:19:59]} 24. Rg2 {[%clk 0:42:08]} 24... Qg7
{[%clk 1:19:22]} 25. Qh4 {[%clk 0:37:48]} 25... Bf7 {[%clk 1:19:00]} 26. Raa2
{[%clk 0:36:31]} 26... d5 {[%clk 1:17:37]} 27. Ng3 {[%clk 0:28:09]} 27... Qf6
{[%clk 1:16:06]} 28. Rgf2 {[%clk 0:25:53]} 28... Bb8 {[%clk 1:09:56]} 29. c4
{[%clk 0:21:58]} 29... d4 {[%clk 1:09:29]} 30. Bc1 {[%clk 0:19:18]} 30... Nxf3+
{[%clk 1:03:56]} 31. Nxf3 {[%clk 0:18:34]} 31... Qxh4 { [%clk 1:04:06]} 32.
Nxh4 {[%clk 0:18:34]} 32... Rxg4 {[%clk 1:04:33]} 33. Rf3 { [%clk 0:16:50]}
33... Rxh4 {[%clk 1:03:59]} 34. Raf2 {[%clk 0:14:31]} 34... Bg6 {[%clk
1:03:53]} 35. Rf6 {[%clk 0:12:30]} 35... Rg4 {[%clk 1:01:26]} 36. Rxe6+ 36...
Kd7 {[%clk 1:01:32]} 37. Rxe5 {[%clk 0:12:28]} 37... Rxg3+ { [%clk 1:01:45]}
38. Kf1 {[%clk 0:05:56]} 38... Rxd3 {[%clk 0:59:10]} 39. Rd2 { [%clk 0:04:42]}
39... Rxd2 {[%clk 0:58:45]} 40. Bxd2 {[%clk 0:05:08]} 40... axb5 {[%clk
0:58:51]} 41. Rd5+ {[%clk 0:04:05]} 41... Ke6 {[%clk 0:56:37]} 42. axb5 {[%clk
0:03:14]} 42... Bxe4 {[%clk 0:55:58]} 43. Rxd4 {[%clk 0:03:11]} 43... Bf5
{[%clk 0:54:57]} 44. Bxh6 {[%clk 0:02:28]} 44... c5 {[%clk 0:53:45]} 45. bxc6
{[%clk 0:25:49]} 45... Be5 {[%clk 1:23:20]} 46. Rd5 {[%clk 0:23:11]} 46... Ra2
{[%clk 1:22:14]} 47. Rb5 {[%clk 0:21:26]} 47... Bc3 {[%clk 1:21:14]} 48. Be3
{[%clk 0:20:47]} 48... Bh3+ {[%clk 1:19:56]} 49. Kg1 {[%clk 0:20:54]} 49... Be5
{[%clk 1:18:22]} 50. Rxb6 {[%clk 0:20:07]} 50... Bh2+ {[%clk 1:18:12] } 51. Kh1
{[%clk 0:20:31]} 51... Bf5 {[%clk 1:17:53]} 52. c7+ {[%clk 0:19:16]} 52... Kd7
{[%clk 1:18:12]} 0-1